000 00588cam a2200217 i 4500
001 3228338
005 20180220090934.0
008 800721s1980 ilu b 001 0 eng
010 _a 79056086
020 _a0256023719 (pbk.)
040 _aDLC
_cDLC
_dDLC
041 _aeng
080 _a658.4012 AND
082 0 0 _a658.4012 AND
_219
100 1 _a54
101 _aMEN
245 1 4 _aThe concept of corporate strategy /
_cKenneth R. Andrews.
504 _aIncludes bibliographical references and index.
906 _a7
_bcbc
_corignew
_d2
_eocip
_f19
_gy-gencatlg
942 _2ddc
_cBK
999 _c42942
_d42942